000 00672nam a2200229Ia 4500
003 OSt
005 20220926012116.0
006 a|||||r|||| 00| 0
007 ta
008 220923b |||||||| |||| 00| 0 eng d
037 _cGeneral Book
040 _aRTL
_cRTL
_beng
041 _2eng
_aeng
082 _aY.73.N6, K8
100 _aLipset Seymour Martin
_910911
245 0 _aRevolution and counterrevolution
_b Change and persistence in social structures
260 _aNew York
_bBasic Books
_c1968
300 _axiv,466p
_ccm.
650 _aSociology
942 _hY.73.N6, K8
_cGB
_2CC
999 _c621726
_d621726